000
00334nam a2200121 a 4500
005
20141022142006.0
008
080929s19uu xx 00 eng d
050
_a
VCD
_b
B29
245
_a
Basic selling skills a.k.a fundamentals of effective selling.
650
_a
VCD.
650
_a
Fundamentals of effective selling.
942
_c
AVM
999
_c
276522
_d
276522